[Event "Biella op 1st"]
[Site "Biella"]
[Date "2010.09.26"]
[Round "4"]
[White "Tolva, Giuseppe"]
[Black "Castaldo, Antonio"]
[Result "1-0"]
[WhiteElo "1803"]
[BlackElo "1705"]
[PlyCount "52"]
[EventDate "2010.09.24"]
[EventType "swiss"]
[EventRounds "5"]
[EventCountry "ITA"]
[SourceTitle "EXT 2024"]
[Source "ChessBase"]
[SourceDate "2023.10.10"]
[SourceVersion "1"]
[SourceVersionDate "2023.10.10"]
[SourceQuality "1"]

1. e4 d6 2. d4 Nf6 3. Bd3 g6 4. Bg5 Bg7 5. f4 Nc6 6. Nf3 Bg4 7. c3 0-0 8. Nbd2 e5 9. fxe5 dxe5 10. d5 Nb8 11. h3 Bxf3 12. Qxf3 Nbd7 13. Bb5 a6 14. Bxd7 Qxd7 15. Bxf6 Qb5 16. Bxg7 Kxg7 17. 0-0-0 a5 18. h4 f5 19. h5 f4 20. g3 g5 21. h6+ Kh8 22. Rdg1 Qd7 23. gxf4 gxf4 24. Qh5 Rae8 25. Rg7 Qd6 26. Rhg1 Rf6 1-0

[Event "Biella op 1st"]
[Site "Biella"]
[Date "2010.09.24"]
[Round "1"]
[White "Arnaudov, Petar G"]
[Black "Tolva, Giuseppe"]
[Result "1-0"]
[WhiteElo "2442"]
[BlackElo "1803"]
[PlyCount "35"]
[EventDate "2010.09.24"]
[EventType "swiss"]
[EventRounds "5"]
[EventCountry "ITA"]
[SourceTitle "EXT 2024"]
[Source "ChessBase"]
[SourceDate "2023.10.10"]
[SourceVersion "1"]
[SourceVersionDate "2023.10.10"]
[SourceQuality "1"]

1. Nf3 d5 2. d4 Bf5 3. c4 dxc4 4. Nc3 Nf6 5. e3 e6 6. Bxc4 c5 7. 0-0 Nbd7 8. Nh4 Bg6 9. d5 exd5 10. Nxd5 Be4 11. Nc3 Bc6 12. Qb3 Ne5 13. Rd1 Qc7 14. Nb5 Qb8 15. Bxf7+ Nxf7 16. Qe6+ Be7 17. Nf5 Qe5 18. Nfd6+ 1-0